FC Schalke 04 Squad 1996-1997 - Statistics

General Stats
  • This quiz has been taken 13 times
  • The average score is 10 of 28
Answer Stats
# Position Nation Player % Correct
1 GK Germany Jens Lehmann
82%
10 MF Germany Olaf Thon
82%
24 MF Belgium Marc Wilmots
73%
20 MF Czech Republic Jiří Němec
64%
11 FW Germany Martin Max
55%
19 MF Germany Michael Büskens
55%
9 FW Netherlands Youri Mulder
55%
4 DF Germany Yves Eigenrauch
55%
- Coach Netherlands Huub Stevens
45%
8 MF Germany Ingo Anderbrügge
45%
12 DF Netherlands Marco van Hoogdalem
45%
3 MF Czech Republic Radoslav Látal
45%
14 FW United States David Wagner
36%
- Coach Germany Hubert Neu
36%
26 DF Netherlands Johan de Kock
36%
2 DF Germany Thomas Linke
36%
- Coach Germany Jörg Berger
27%
31 FW Angola Miguel Pereira
27%
5 DF United States Thomas Dooley
27%
6 MF Germany Andreas Müller
18%
16 MF Germany Oliver Held
18%
21 DF Germany Marco Kurz
9%
22 GK Germany Mathias Schober
9%
17 DF Germany Frank Schön
0%
37 FW Germany Mike Möllensiep
0%
36 FW Germany Ralf Regenbogen
0%
7 MF Germany Uwe Weidemann
0%
13 DF Germany Waldemar Ksienzyk
0%
No matching quizzes found
Score Distribution
Percent of People with Each Score
Percentile by Number Answered
Your Score History
You have not taken this quiz